Relajación y energía / (Record no. 34523)

MARC details
000 -LEADER
campo de control de longitud fija 00497nam a2200181 i 4500
001 - NÚMERO DE CONTROL
campo de control 34523
003 - IDENTIFICADOR DE NÚMERO DE CONTROL
campo de control ES-MaACL
005 - FECHA Y HORA DE LA ÚLTIMA TRANSACCIÓN
campo de control 20230906154940.0
007 - CAMPO FIJO DE DESCRIPCIÓN FÍSICA--INFORMACIÓN GENERAL
campo de control de longitud fija t|
008 - DATOS DE LONGITUD FIJA--INFORMACIÓN GENERAL
campo de control de longitud fija 030207s1960 sp |||| | spa d
080 ## - NÚMERO DE LA CLASIFICACIÓN DECIMAL UNIVERSAL
Número de la Clasificación Decimal Universal 613.79
100 1# - ENTRADA PRINCIPAL--NOMBRE DE PERSONA
Nombre de persona Blay Fontcuberta, Antonio.
9 (RLIN) 29431
245 10 - MENCIÓN DEL TÍTULO
Título Relajación y energía /
Mención de responsabilidad, etc. Antonio Blay Fontcuberta.
260 ## - PUBLICACIÓN, DISTRIBUCIÓN, ETC.
Lugar de publicación, distribución, etc. Barcelona :
Nombre del editor, distribuidor, etc. Sirius,
Fecha de publicación, distribución, etc. [1960] (
Fabricante Diamante)
300 ## - DESCRIPCIÓN FÍSICA
Extensión 75 p. ;
Dimensiones 19 cm.
650 #4 - PUNTO DE ACCESO ADICIONAL DE MATERIA--TÉRMINO DE MATERIA
Término de materia o nombre geográfico como elemento de entrada Relajación.
9 (RLIN) 149364
852 ## - LOCALIZACIÓN
Ubicación ES-MaACL
Número de control de estantería C-19819
Holdings
Estatus retirado Estado de pérdida Estado de daño No para préstamo Biblioteca de origen Biblioteca actual Ubicación en estantería Fecha de adquisición Fuente de adquisición Total de préstamos Signatura topográfica completa Código de barras Visto por última vez Precio de reemplazo Tipo de ítem Koha
        Biblioteca del Ateneo de Madrid Biblioteca del Ateneo de Madrid Galería 17/01/2008     C-19819 1036009 23/02/2023 23/02/2023 Libro impreso